000 00211nam a2200097Ia 4500
008 240331s9999 xx 000 0 und d
082 _bTUN
100 _aTung, Ma-Tse,
245 0 _aKalaiyum Ilakkiyamum
942 _cL
999 _c3689
_d3689